000 00585 a2200193 4500
005 20260323130757.0
008 260323b |||||||| |||| 00| 0 eng d
020 _a 9781517915353
040 _cSDCL
041 _2eng
_aeng
084 _aX:(G:55) R3
100 _aSchneider-Mayerson, Matthew
_91137611
245 _aEmpirical Ecocriticism
_bEnvironmental Narratives for Social Change
260 _aMinneapolis :
_bUniversity of Minnesota Press,
_c2023.
300 _a368p.
700 _aMossner, Alexa Weik von
_9852341
700 _aMalecki, W. P.
_9852342
942 _cAUD
_2CC
999 _c1715148
_d1715148